000 00373nam a2200157Ia 4500
008 230312s9999||||xx |||||||||||||| ||und||
020 _a1-56205-695-6
082 _a005.43
_bBOY-I
100 _aBoyce Jim
245 0 _aInside Windows 95
260 _bNew Riders
_aUSA
_c1996
300 _a1228
546 _aEng.
650 _aComputer
_vWorking in Windows 95
942 _cBK
999 _c3073
_d3073